|
|
|
|
| LEADER |
00000cas a2200000 a 4500 |
| 001 |
vtls010611229 |
| 003 |
SK-MaSNL |
| 005 |
20260228161137.0 |
| 008 |
140723d20142020xo fr p 001 b0slo |
| 022 |
|
|
|a 1339-7419
|
| 040 |
|
|
|a SVKPO
|b slo
|c SVKPO
|d SNK
|e AACR2
|
| 041 |
0 |
|
|a slo
|
| 044 |
|
|
|a xo
|c SK
|
| 072 |
|
7 |
|a 331
|x Práca
|2 konspekt
|
| 080 |
|
|
|a 005.95/.96
|2 2011
|
| 080 |
|
|
|a 005.1
|2 2011
|
| 080 |
|
|
|a 050
|2 2011
|
| 080 |
|
|
|a 331.108.23
|2 2011
|
| 210 |
0 |
|
|a HR live
|b (Bratisl.)
|
| 222 |
|
0 |
|a HR live
|b (Bratislava)
|
| 245 |
0 |
0 |
|a HR live
|b inspired by leaders
|
| 246 |
3 |
3 |
|a HRlive
|
| 246 |
3 |
3 |
|a Human resource live
|
| 260 |
|
|
|a Bratislava
|b Baarco & Tish
|c 2014-2017
|
| 300 |
|
|
|a zv.
|c 27 cm
|
| 310 |
|
|
|a 2x ročne
|
| 362 |
0 |
|
|a Roč. 1, č. 1 (2014) - roč. 2, č. 2 (2015) ; roč. 3, č. 1 (2017) - roč. 3, č. 2 (2017) ; roč. 5, č. 1 (2020)
|
| 500 |
|
|
|a Šéfredaktorka: Soňa Šipkovská
|
| 500 |
|
|
|a Registračné č. MK SR: 4989/14
|
| 500 |
|
|
|a Časopis HR live je od roku 2020 spojený s novým magazínom CEO live, ktorý je jeho neoddeliteľnou prílohou a text je tlačený zvratmo
|
| 650 |
0 |
7 |
|a ľudské zdroje
|2 SNKPH
|9 1746
|
| 650 |
0 |
7 |
|a manažment ľudských zdrojov
|2 SNKPH
|9 29115
|
| 655 |
|
7 |
|a odborné časopisy
|2 SNKPH
|9 70505
|
| 700 |
1 |
|
|a Šipkovská, Soňa
|4 pbd
|9 268071
|
| 910 |
|
|
|a snk
|
| 910 |
|
|
|a svkpo
|
| 999 |
|
|
|c 4480
|d 6410
|
| 952 |
|
|
|0 0
|1 0
|4 0
|7 0
|8 0
|a SNK
|b SNK
|d 2019-08-26
|f 1
|i snk2019/21454
|l 0
|o snkČSB 7248/1/2014
|p 17A1370488
|r 2026-02-21 22:29:08
|t č. 1-2
|w 2026-02-21
|y PREZ
|
| 952 |
|
|
|0 0
|1 0
|4 0
|7 0
|8 0
|a SNK
|b SNK
|d 2019-08-26
|f 1
|i snk2019/21455
|l 0
|o snkČSB 7248/2/2015
|p 17A1370489
|r 2026-02-21 22:29:08
|t č. 1-2
|w 2026-02-21
|y PREZ
|
| 952 |
|
|
|0 0
|1 0
|4 0
|7 0
|8 0
|a SNK
|b SNK
|d 2019-08-26
|f 1
|i snk2019/21456
|l 0
|o snkČSB 7248/3/2017
|p 17A1370490
|r 2026-02-21 22:29:08
|t č. 1-2
|w 2026-02-21
|y PREZ
|